000 00260nam a2200109Ia 4500
008 220714s9999 xx 000 0 und d
020 _a0 7981 2110 6
082 _aRef 033.936 KEN
100 _aNo author, editors only
245 0 _aKennis Vol 9
942 _cBK
_w561
_xJohn Tresidder
_y561
_zJohn Tresidder
999 _c720273
_d720272